LDR 02545namaa2200469 i 4500 001 000000178646 003 CaOOAMICUS 005 20260408112528.0 008 260408s2025 it u000 u ita r 020 $a978-88-28-86918-4 (v.1)* 020 $a978-88-28-86920-7 (v.3)* 020 $a978-88-28-86921-4 (v.4)* 020 $a978-88-28-86922-1 (v.5)* 020 $z978-88-28-86919-1 (v.2)* 040 $aPUL$bita 084 $a347.4505 100 1 $aLuiso, Francesco Paolo,$d1947-,$eautore.$0(OLS)http://pul/name/32907 245 10$aDiritto processuale civile /$cFrancesco P. Luiso. 250 $a15. ed. 260 $aMilano :$bGiuffrè,$c2025. 300 $a5 v. ;$c24 cm 336 $atesto$btxt$2rdacontent 337 $asenza mediazione$bn$2rdamedia 338 $avolume$bnc$2rdacarrier 505 2 $av.1: Principi generali.-- v.2: Il processo di cognizione.-- v.3: Il processo esecutivo.-- 4: I processi speciali.-- 5: La risoluzione non giurisdizionale delle controversie. 650 4$aDiritto processuale civile$zItalia.$0(OLS)http://pul/subject/38504 850 $aPUL 852 $aPUL$W1$xSL Diritto e Scienze Sociali 3$y79$m347. 45 LUIFR 3.1$j202412$qDDC 21$B207807$CPULBib$Z2$F207807 $H138511 $82 852 $aPUL$W1$xSL Diritto e Scienze Sociali 3$y79$m347. 45 LUIFR 3.2$j202413$qDDC 21$B207808$CPULBib$Z2$F207808 $H138512 $82 852 $aPUL$W1$xSL Diritto e Scienze Sociali 3$y79$m347. 45 LUIFR 3.3$j202414$qDDC 21$B207809$CPULBib$Z2$F207809 $H138513 $82 852 $aPUL$W1$xSL Diritto e Scienze Sociali 3$y79$m347. 45 LUIFR 3.4$j202415$qDDC 21$B207810$CPULBib$Z2$F207810 $H138514 $82 852 $aPUL$W1$xSL Diritto e Scienze Sociali 3$y79$m347. 45 LUIFR 3.5$j202416$qDDC 21$B207811$CPULBib$Z2$F207811 $H138515 $82 941 1 $a9 996 $6020$a978-88-28-86918-4 (v.1)*$9(OLS)http://pul/number/170915 996 $6020$z978-88-28-86919-1 (v.2)*$9(OLS)http://pul/number/170916 996 $6020$a978-88-28-86920-7 (v.3)*$9(OLS)http://pul/number/170917 996 $6020$a978-88-28-86921-4 (v.4)*$9(OLS)http://pul/number/170918 996 $6020$a978-88-28-86922-1 (v.5)*$9(OLS)http://pul/number/170919 996 $6084$a347.4505$9(OLS)http://pul/classification/3576 996 $6245$aDiritto processuale civile$9(OLS)http://pul/title/54747 996 $6260$aMilano :$bGiuffrè$9(OLS)http://pul/publisher/48401